| 000 | 00612nam a2200169 i 4500 | ||
|---|---|---|---|
| 001 | 30775 | ||
| 003 | ES-MaACL | ||
| 005 | 20230906154243.0 | ||
| 007 | t| | ||
| 008 | 030127s1917 sp ||||1| spa d | ||
| 100 | 1 |
_aBayo y González-Elipe, José Manuel de. _926699 |
|
| 245 | 1 | 0 |
_aAlgunas consideraciones sobre el seguro mutuo contra los accidentes del trabajo en la agricultura / _cJosé Manuel de Bayo y González-Elipe. |
| 260 |
_aMadrid : _b[s.n.], _c1917 ( _fM. Minuesa de los Rios) |
||
| 300 |
_a22 p. ; _c22 cm. |
||
| 710 | 0 |
_aAsociación de Agricultores de España. _91550 |
|
| 852 |
_aES-MaACL _j1531-F-7 |
||
| 999 |
_c30775 _d30775 |
||